Makroekonomické ukazovatele štvrťročných národných účtov za 1.-3. štvrťrok 1996

Salvato in:
Dettagli Bibliografici
Natura: Libro
Lingua:slovacco
inglese
Pubblicazione: Bratislava Štatistický úrad Slovenskej republiky 1997
Serie:Národné účty Slovenskej republiky
Tags: Aggiungi Tag
Nessun Tag, puoi essere il primo ad aggiungerne!!

MARC

LEADER 00000nam$a2200000$$$4500
001 0024436
005 20260210131349.4
041 0 |a slo 
041 0 |a eng 
044 |a SK 
245 1 0 |a Makroekonomické ukazovatele štvrťročných národných účtov za 1.-3. štvrťrok 1996 
264 1 |a Bratislava  |b Štatistický úrad Slovenskej republiky  |c 1997 
300 |a 34 s. 
490 1 |a Národné účty Slovenskej republiky 
830 0 |a Národné účty Slovenskej republiky